Die Wunder der Schöpfung : Handschriften der Bayerischen Staatsbibliothek aus dem islamischen Kulturkreis = The wonders of creation : manuscripts of the Bavarian State Library from the Islamic world /

محفوظ في:

مؤلف مشترك: Bayerische Staatsbibliothek.

مؤلفون آخرون: Rebhan, Helga

التنسيق: كتاب

اللغة: German
English

منشور في: Wiesbaden : Harrassowitz Verlag, 2010.

سلاسل: Ausstellungskataloge (Bayerische Staatsbibliothek) ; 83.

الموضوعات:

الوسوم: إضافة وسم

لا توجد وسوم, كن أول من يضع وسما على هذه التسجيلة!

رقم الطلب: ND2955 .W954 2010

LEADER 01459nam a22003377a 4500
003 OSt
005 20250901100019.0
008 250303s2010 gw a g bc 000 0 ger d
010 |a 2010514708 
020 |a 9783880080058 
040 |c ARCE Library 
041 1 |a ger  |a eng 
043 |a e-gx--- 
050 1 4 |a ND2955   |b .W954 2010 
245 0 4 |a Die Wunder der Schöpfung :   |b Handschriften der Bayerischen Staatsbibliothek aus dem islamischen Kulturkreis = The wonders of creation : manuscripts of the Bavarian State Library from the Islamic world /   |c [Ausstellung und Redaktion Helga Rebhan]. 
246 3 1 |a Wonders of creation : manuscripts of the Bavarian State Library from the Islamic world. 
264 1 |a Wiesbaden :   |b Harrassowitz Verlag,   |c 2010. 
300 |a 238 pages :   |b color illustrations ;   |c 27 cm. 
490 1 |a Ausstellungskataloge (Bayerische Staatsbibliothek) ;  |v 83. 
500 |a Exhibition held September 16-December 5, 2010. 
504 |a Includes bibliographical references. 
546 |a Text in German and English. 
650 0 |a Manuscripts, Arabic  |z Germany  |z Bavaria  |v Exhibitions. 
650 0 |a Manuscripts, Persian  |z Germany  |z Bavaria  |v Exhibitions. 
650 0 |a Manuscripts, Turkish  |z Germany  |z Bavaria  |v Exhibitions. 
700 1 |a Rebhan, Helga,   |9 38256 
710 2 |a Bayerische Staatsbibliothek. 
830 0 |a Ausstellungskataloge (Bayerische Staatsbibliothek) ;  |v 83. 
901 |a reviewed 
942 |c BK  |2 lcc 
999 |c 23832  |d 23832